000 00528nam a2200133 4500
999 _c13253
_d13253
008 190220b ||||| |||| 00| 0 eng d
082 _aDPer 050 T48 Apr-June 2016 v. 187, n. 12-24.
100 _937045
_aScherer, Michael
245 _aLearning to love Ted:
_bhe has a plan to take the GOP nomination from Donald Trump. But first he must heal old wounds/
_cMichael Scherer.
260 _aHong Kong;
_bTime Asia,
_cc2016.
300 _av187 n14, pages 18-23:
_billustrations;
_c27 cm.
650 _aPolitics
_937046
942 _2ddc
_cPER